Газотранспортные и газораспределительные системы природного газа (устройство, диагностика и ремонт): учебное пособие

מידע ביבליוגרפי
מחברים אחרים: Шарифуллин А. В. Андрей Виленович, Байбекова Л. Р. Лия Рафаэльовна, Ганиева Т. Ф. Тамилла Фатхиевна, Овчинникова Ю. С. Юлия Сергеевна
סיכום:Рассмотрены основные элементы и оборудование газотранспортных систем природного газа, а также технологические особенности их обслуживания и эксплуатации. Приведены технологические и конструкционные расчеты линейной части магистрального газопровода. Представлены методы диагностики (дефектоскопии) и основные технологии проведения аварийного и планового ремонтов участков газопровода, проходящих через водные преграды, железнодорожные пути и т. п. Приведены основные сведения об устройстве и оборудовании газораспределительных систем (ГРС) и газокомпрессорных станций (ГКС). Предстаааен расчет элементов оборудования ГРС, газокомпрессорного агрегата (ГПА). Излажены основные сведения о системах подземного хранения природного газа, их устройстве и методах обслуживания (приема-отпуска). Приведены расчеты элементов систем хранения природного газа.
שפה:רוסית
יצא לאור: Санкт-Петергбург, Проспект Науки, 2020
נושאים:
פורמט: MixedMaterials ספר
KOHA link:https://koha.lib.tpu.ru/cgi-bin/koha/opac-detail.pl?biblionumber=344563

MARC

LEADER 00000nam0a2200000 4500
001 344563
005 20231102005658.0
010 |a 9785604441305 
035 |a (RuTPU)RU\TPU\book\376122 
090 |a 344563 
100 |a 20200306d2020 m y0rusy50 ca 
101 0 |a rus 
102 |a RU 
105 |a a j 001zy 
200 1 |a Газотранспортные и газораспределительные системы природного газа (устройство, диагностика и ремонт)  |e учебное пособие  |f А. В. Шарифуллин, Л. Р. Байбекова, Т. Ф. Ганиева, Ю. С. Овчинникова 
210 |a Санкт-Петергбург  |c Проспект Науки  |d 2020 
215 |a 408 с.  |c ил. 
320 |a Библиогр.: с. 407 
330 |a Рассмотрены основные элементы и оборудование газотранспортных систем природного газа, а также технологические особенности их обслуживания и эксплуатации. Приведены технологические и конструкционные расчеты линейной части магистрального газопровода. Представлены методы диагностики (дефектоскопии) и основные технологии проведения аварийного и планового ремонтов участков газопровода, проходящих через водные преграды, железнодорожные пути и т. п. Приведены основные сведения об устройстве и оборудовании газораспределительных систем (ГРС) и газокомпрессорных станций (ГКС). Предстаааен расчет элементов оборудования ГРС, газокомпрессорного агрегата (ГПА). Излажены основные сведения о системах подземного хранения природного газа, их устройстве и методах обслуживания (приема-отпуска). Приведены расчеты элементов систем хранения природного газа. 
606 1 |a Газопроводы  |2 stltpush  |3 (RuTPU)RU\TPU\subj\77802  |9 87770 
606 1 |a Газораспределительные станции  |x Эксплуатация  |x Горное дело  |2 stltpush  |3 (RuTPU)RU\TPU\subj\5198  |9 33330 
610 1 |a учебные пособия 
610 1 |a устройство 
610 1 |a диагностика 
610 1 |a ремонт 
610 1 |a обслуживание 
610 1 |a газопромысловое оборудование 
610 1 |a газокомпрессорные станции 
610 1 |a газы 
610 1 |a подземное хранение 
610 1 |a подготовка 
610 1 |a транспортировка 
675 |a 622.691.4(075.8)  |v 4 
675 |a 622.691.5(075.8)  |v 4 
701 1 |a Шарифуллин  |b А. В.  |g Андрей Виленович 
701 1 |a Байбекова  |b Л. Р.  |g Лия Рафаэльовна 
701 1 |a Ганиева  |b Т. Ф.  |g Тамилла Фатхиевна 
701 1 |a Овчинникова  |b Ю. С.  |g Юлия Сергеевна 
801 1 |a RU  |b 63413507  |c 20200306 
801 2 |a RU  |b 63413507  |c 20200626  |g RCR 
942 |c BK 
959 |a 2/20200130  |d 5  |e 1760,00  |f УФ:4  |f ЧЗТЛ:1